• 首页
  • 本馆介绍
  • 公告通知
  • 最新文献
  • 馆藏检索
  • 电子资源
  • 读者导购
  • 参考咨询
  • 我的图书馆
  • 登录
  • 详细信息显示
  • 放入我的书架
  • 预约/预借图书
  • 作者相关作品
  • 分类相关作品
  • 丛书相关作品
  • 出版社相关作品

书目信息

  • 表格格式
  • 工作单格式
  • 卡片格式
题名:
色彩构成
    
 
作者: 郑健 编著
分册:  
出版信息: 福州   福建美术出版社  2003
页数: 107页
开本: 29cm
丛书名: 艺术构成大图库
单 册:
中图分类: J206.3
科图分类:
主题词: 绘画理论--色彩学
电子资源:
ISBN: 7-5393-1297-1
000 00628nam2 2200229 45
001 002500198
005 20050113085914.7
010    @a7-5393-1297-1@dCNY48.00
100    @a20031112d2003 em y0chiy0110 ea
101 0  @achi
102    @aCN@b350000
105    @aa z 000yy
200 1  @a色彩构成@ASe Cai Gou Cheng@f郑健编著@FZheng Jian Bian Zhu
210    @a福州@c福建美术出版社@d2003
215    @a107页@c图@d29cm
225    @a艺术构成大图库
410    @12001 @a艺术构成大图库
606 0  @a绘画理论@x色彩学
690    @aJ206.3@v4
701  0 @a郑健@4编著
801  0 @aCN@bNLC@c20040211
905    @b342083-088@dJ206.3@e254@f6
    
    色彩构成/郑健编著.-福州:福建美术出版社,2003
    107页:图;29cm.-(艺术构成大图库)
    
    
    ISBN 7-5393-1297-1:CNY48.00
    
●
相关链接 在E读中查询图书 在五车中查询图书 在当当中查询图书 在豆瓣中查询图书


正题名:色彩构成     索取号:J206.3/254         预约/预借

序号 登录号 条形码 馆藏地/架位号 状态 备注
1 0342083   203420832   第一样本阅览室/ [索取号:J206.3/254] 在馆    
2 0342084   203420841   第一借阅区/ [索取号:J206.3/254] 在馆    
3 0342085   203420850   第一借阅区/ [索取号:J206.3/254] 在馆    
4 0342086   203420869   第一借阅区/ [索取号:J206.3/254] 在馆    
5 0342087   203420878   第一借阅区/ [索取号:J206.3/254] 在馆    
6 0342088   203420887   第一借阅区/ [索取号:J206.3/254] 在馆    
唐山师范学院图书馆 欢迎您!
大连网信软件有限公司© 版权所有